| 000 | 00665cam a22002293a 4500 | ||
|---|---|---|---|
| 001 | 16834 | ||
| 003 | PGUSA | ||
| 005 | 20140828083347.0 | ||
| 008 | 051009s2005||||xxu|||||s|||||000 1 eng d | ||
| 040 |
_aPGUSA _beng |
||
| 042 | _adc | ||
| 050 | 4 | _aPS | |
| 100 | 1 |
_aBolton, Charles E. _q(Charles Edward), _d1841-1901 |
|
| 245 | 1 | 4 |
_aThe Harris-Ingram Experiment _h[electronic resource] / _cCharles E. Bolton |
| 260 |
_bProject Gutenberg, _c2005 |
||
| 506 | _aPublic domain in the USA. | ||
| 516 | _aElectronic text | ||
| 653 | _aScience fiction, American | ||
| 830 | 0 |
_aProject Gutenberg _v16834 |
|
| 856 | 4 | 0 | _uhttp://www.gutenberg.org/ebooks/16834 |
| 942 | _cEB | ||
| 999 |
_c246089 _d246089 |
||